|
|
|
|
| LEADER |
02993nam a2200721 i 4500 |
| 001 |
nkc20152703242 |
| 003 |
CZ PrNK |
| 005 |
20160302124530.0 |
| 007 |
ta |
| 008 |
150528s2015 xr a f 001 0 cze |
| 015 |
|
|
|a cnb002703242
|
| 020 |
|
|
|a 978-80-7435-567-7
|q (vázáno)
|
| 035 |
|
|
|a (OCoLC)944217068
|
| 040 |
|
|
|a ABA001
|b cze
|d BOA001
|e rda
|
| 041 |
0 |
|
|a cze
|b cze
|b eng
|
| 072 |
|
7 |
|a 316.4/.7
|x Sociální interakce. Sociální komunikace
|2 Konspekt
|9 18
|
| 080 |
|
|
|a 316.346.32-053.2
|2 MRF
|
| 080 |
|
|
|a 159.923.2
|2 MRF
|
| 080 |
|
|
|a 316.614
|2 MRF
|
| 080 |
|
|
|a 316.774:316.776.33
|2 MRF
|
| 080 |
|
|
|a 316.774:37.016
|2 MRF
|
| 080 |
|
|
|a 316.32
|2 MRF
|
| 080 |
|
|
|a (048.8:082)
|2 MRF
|
| 100 |
1 |
|
|a Stašová, Leona
|7 pna2016898986
|4 aut
|
| 245 |
1 |
0 |
|a Nová generace :
|b vybrané aspekty socializace a výchovy současných dětí a mládeže v kontextu medializované společnosti /
|c Stašová, Leona, Slaninová, Gabriela, Junová, Iva
|
| 246 |
3 |
0 |
|a Vybrané aspekty socializace a výchovy současných dětí a mládeže v kontextu medializované společnosti
|
| 250 |
|
|
|a Vydání: první
|
| 264 |
|
1 |
|a Hradec Králové :
|b Gaudeamus,
|c 2015
|
| 300 |
|
|
|a 212 stran :
|b ilustrace (převážně barevné) ;
|c 22 cm
|
| 336 |
|
|
|a text
|b txt
|2 rdacontent
|
| 337 |
|
|
|a bez média
|b n
|2 rdamedia
|
| 338 |
|
|
|a svazek
|b nc
|2 rdacarrier
|
| 490 |
1 |
|
|a Recenzované monografie
|
| 500 |
|
|
|a Nad názvem: Univerzita Hradec Králové, Pedagogická fakulta
|
| 504 |
|
|
|a Obsahuje bibliografii a rejstříky
|
| 546 |
|
|
|a České a anglické resumé
|
| 650 |
0 |
7 |
|a děti a mládež
|7 ph119707
|2 czenas
|
| 650 |
0 |
7 |
|a identita
|7 ph121025
|2 czenas
|
| 650 |
0 |
7 |
|a sebepojetí
|7 ph125450
|2 czenas
|
| 650 |
0 |
7 |
|a socializace
|7 ph137463
|2 czenas
|
| 650 |
0 |
7 |
|a vliv médií
|7 ph489477
|2 czenas
|
| 650 |
0 |
7 |
|a mediální výchova a vzdělávání
|7 ph346539
|2 czenas
|
| 650 |
0 |
7 |
|a globální společnost
|7 ph134656
|2 czenas
|
| 650 |
0 |
9 |
|a children and youth
|2 eczenas
|
| 650 |
0 |
9 |
|a identity
|2 eczenas
|
| 650 |
0 |
9 |
|a self-concept
|2 eczenas
|
| 650 |
0 |
9 |
|a socialization
|2 eczenas
|
| 650 |
0 |
9 |
|a media influence
|2 eczenas
|
| 650 |
0 |
9 |
|a media education
|2 eczenas
|
| 650 |
0 |
9 |
|a global society
|2 eczenas
|
| 655 |
|
7 |
|a kolektivní monografie
|7 fd501537
|2 czenas
|
| 655 |
|
9 |
|a collective monographs
|2 eczenas
|
| 700 |
1 |
|
|a Slaninová, Gabriela
|7 pna2016898990
|4 aut
|
| 700 |
1 |
|
|a Junová, Iva,
|d 1975-
|7 pna2016898992
|4 aut
|
| 710 |
2 |
|
|a Univerzita Hradec Králové.
|b Pedagogická fakulta
|7 kn20020422009
|4 isb
|
| 830 |
|
0 |
|a Recenzované monografie
|0 s
|
| 856 |
4 |
1 |
|u http://www.digitalniknihovna.cz/mzk/uuid/uuid:a720f200-3906-11e6-ab2f-005056827e52
|y Digitalizovaný dokument
|x NDK
|
| 910 |
2 |
|
|a BOA001
|b 2-1359.487
|
| 990 |
|
|
|a BK
|
| 995 |
|
|
|a 01
|
| 991 |
|
|
|b 201602
|c NOV
|
| 996 |
6 |
|
|b 2610656869
|c 2-1359.487
|l MZK
|r Sklad / do 1 hodiny
|n 31
|p p.v.
|w 001540129
|u 000010
|a 1
|e BOA001
|j MZK50
|s P
|
| 996 |
7 |
|
|b 2610660632
|c 2-1359.487
|l Vol.výběr
|r VV 0p
|n 28
|p dar
|h 316.4/.7 STA
|w 001540129
|u 000020
|a 0
|e BOA001
|j MZK50
|s A
|